[Event "27th Rilton Cup"]
[Site "Stockholm SWE"]
[Date "1998.??.??"]
[Round "1"]
[White "Johansen, Terje"]
[Black "Chernin, Alexander"]
[Result "0-1"]
[WhiteElo "2210"]
[BlackElo "2640"]
[EventDate "1997.12.??"]
[PlyCount "102"]

1.d4 Nf6 2.c4 c5 3.d5 b5 4.cxb5 a6 5.f3 e6 6.e4 exd5 7.e5 Qe7 8.Qe2 Ng8 9.
Nc3 Bb7 10.f4 d4 11.Ne4 Qe6 12.Nf3 axb5 13.Nfg5 Qb6 14.f5 h6 15.Nxf7 Kxf7 
16.Qh5+ g6 17.e6+ dxe6 18.fxg6+ Ke7 19.Qe5 Bxe4 20.Qxh8 Bxg6 21.Qxg8 Bf7 
22.Qg3 c4 23.Be2 d3 24.Qh4+ Kd7 25.Rf1 Bb4+ 26.Bd2 Bxd2+ 27.Kxd2 Be8 28.
Bf3 Ra4 29.Qxh6 Qd4 30.Rfb1 b4 31.Ke1 Ra5 32.Kf1 Rf5 33.Re1 Bf7 34.a3 b3 
35.Qe3 Nc6 36.Kg1 Qxe3+ 37.Rxe3 Nd4 38.Rc1 Rc5 39.Rxd3 cxd3 40.Rxc5 Nxf3+ 
41.Kf2 Kd6 42.Rc3 Ne5 43.Rxb3 Kc5 44.Ke3 Bg6 45.Rc3+ Nc4+ 46.Rxc4+ Kxc4 
47.g4 Kb3 48.Kd2 e5 49.h4 e4 50.h5 Be8 51.a4 Kxa4 0-1

[Event "27th Rilton Cup"]
[Site "Stockholm SWE"]
[Date "1998.??.??"]
[Round "1"]
[White "Aengskog, Kent"]
[Black "Khenkin, Igor"]
[Result "0-1"]
[WhiteElo "2205"]
[BlackElo "2550"]
[EventDate "1997.12.??"]
[PlyCount "66"]

1.e4 c6 2.c4 d5 3.exd5 Nf6 4.d4 cxd5 5.Nc3 Nc6 6.Nf3 e6 7.c5 Be7 8.Bd3 O-O
9.a3 e5 10.dxe5 Ne4 11.Qc2 Nxc5 12.Bxh7+ Kh8 13.b4 d4 14.bxc5 dxc3 15.Be4 
Qa5 16.O-O Bxc5 17.Bxc6 bxc6 18.Ng5 g6 19.Qe4 Kg7 20.Qxc6 Qb6 21.Qf6+ Qxf6
22.exf6+ Kg8 23.Ne4 Bd4 24.Rd1 Be5 25.Rd5 Re8 26.Rb1 c2 27.Rbb5 Ba6 28.
Rbc5 Bf4 29.Bxf4 Rxe4 30.Be3 Bc4 31.Rxc4 Rxc4 32.Bc1 Re8 33.Kf1 Rce4 0-1

[Event "27th Rilton Cup"]
[Site "Stockholm SWE"]
[Date "1998.??.??"]
[Round "1"]
[White "Ulybin, Mikhail"]
[Black "Bae, Torstein"]
[Result "1-0"]
[WhiteElo "2535"]
[BlackElo "2200"]
[EventDate "1997.12.??"]
[PlyCount "89"]

1.e4 Nf6 2.e5 Nd5 3.d4 d6 4.Nf3 dxe5 5.Nxe5 g6 6.Bc4 c6 7.O-O Bg7 8.Re1 
O-O 9.Bb3 Be6 10.Bg5 Nd7 11.Nf3 Nc7 12.c4 Nb6 13.Qc1 Re8 14.h3 a5 15.a3 a4
16.Ba2 Ra5 17.Be3 Nc8 18.Nc3 Nd6 19.d5 cxd5 20.Bb6 Ra6 21.cxd5 Bf5 22.Bd4 
Ncb5 23.Bxg7 Kxg7 24.Nxb5 Nxb5 25.Re5 Qd6 26.Qd2 Nc7 27.Rc1 Nb5 28.Rce1 f6
29.R5e2 Rb6 30.Qa5 Nc7 31.Rxe7+ Rxe7 32.Rxe7+ Qxe7 33.Qxb6 Ne8 34.g4 Bc8 
35.Nd4 Nd6 36.Ne6+ Kh6 37.Qe3+ g5 38.h4 Nf7 39.hxg5+ fxg5 40.Qh3+ Kg6 41.
Bb1+ Kf6 42.Qf3+ Ke5 43.Qc3+ Kxd5 44.Ba2+ Ke4 45.f3# 1-0

[Event "27th Rilton Cup"]
[Site "Stockholm SWE"]
[Date "1998.??.??"]
[Round "1"]
[White "Fieandt, John"]
[Black "Aakesson, Ralf"]
[Result "0-1"]
[WhiteElo "2205"]
[BlackElo "2520"]
[EventDate "1997.12.??"]
[PlyCount "83"]

1.d4 c5 2.d5 e5 3.e4 d6 4.Bd3 Be7 5.a4 Bg5 6.Nd2 Ne7 7.Bb5+ Kf8 8.h4 Bh6 
9.Ra3 a6 10.Be2 b6 11.Bg4 Bxg4 12.Qxg4 Nd7 13.Ne2 g6 14.Rf3 Ng8 15.Rb3 
Ngf6 16.Qf3 Kg7 17.Nc4 Bxc1 18.Nxc1 Ne8 19.h5 Qg5 20.h6+ Kf8 21.O-O Qxh6 
22.Nxb6 Nxb6 23.Rxb6 Kg7 24.Nb3 Rf8 25.Na5 f5 26.Nc4 fxe4 27.Qh3 Qxh3 28.
gxh3 Rf6 29.Re1 Ra7 30.Nd2 g5 31.Nxe4 Rg6 32.Re3 a5 33.Reb3 Rf7 34.Kg2 Nc7
35.c4 Ne8 36.R3b5 Rf5 37.f3 h5 38.Rxa5 g4 39.Rb7+ Kh8 40.Raa7 gxf3+ 41.Kf2
Rg2+ 42.Kf1 0-1

[Event "27th Rilton Cup"]
[Site "Stockholm SWE"]
[Date "1998.??.??"]
[Round "1"]
[White "Zetterberg, Staffan"]
[Black "Agrest, Evgenij"]
[Result "0-1"]
[WhiteElo "2200"]
[BlackElo "2505"]
[EventDate "1997.12.??"]
[PlyCount "48"]

1.Nf3 d6 2.g3 g6 3.Bg2 Bg7 4.c4 f5 5.Nc3 Nf6 6.O-O O-O 7.Rb1 Nh5 8.d3 e5 
9.Bd2 f4 10.b4 g5 11.b5 g4 12.Ne1 Nd7 13.Nc2 Nc5 14.Ne4 Ne6 15.Bc3 Nd4 16.
Bxd4 exd4 17.Nb4 Kh8 18.Nd5 Be5 19.a4 Bd7 20.c5 Be6 21.Nb4 d5 22.Nd2 Qg5 
23.Bxd5 fxg3 24.hxg3 Nxg3 0-1

[Event "27th Rilton Cup"]
[Site "Stockholm SWE"]
[Date "1998.??.??"]
[Round "1"]
[White "Gdanski, Jacek"]
[Black "Schuetz, Ingemar"]
[Result "1-0"]
[WhiteElo "2505"]
[BlackElo "2195"]
[EventDate "1997.12.??"]
[PlyCount "83"]

1.e4 c5 2.Nc3 Nc6 3.f4 g6 4.Nf3 Bg7 5.Bb5 Nd4 6.O-O Nxb5 7.Nxb5 d6 8.d3 f5
9.a4 Bd7 10.e5 d5 11.d4 Bxb5 12.axb5 c4 13.b3 cxb3 14.cxb3 Nh6 15.Ba3 O-O 
16.Qd3 Nf7 17.Bc5 b6 18.Bb4 Re8 19.Rfe1 e6 20.Rec1 Qd7 21.Rc6 Rec8 22.Qc2 
a5 23.Bd6 Nd8 24.Rxc8 Rxc8 25.Qd3 Bh6 26.g3 Nf7 27.Ba3 g5 28.fxg5 Nxg5 29.
Nxg5 Bxg5 30.Bd6 Qe8 31.Kg2 Qh5 32.h3 f4 33.Rf1 fxg3 34.Qxg3 Qe2+ 35.Rf2 
Qe4+ 36.Kh2 h6 37.Be7 Rc1 38.Qg2 Qxd4 39.Bxg5 hxg5 40.Qxg5+ Kh7 41.Rf7+ 
Kh8 42.Qg7# 1-0

[Event "27th Rilton Cup"]
[Site "Stockholm SWE"]
[Date "1998.??.??"]
[Round "1"]
[White "Wikstroem, Per"]
[Black "Hellsten, Johan"]
[Result "0-1"]
[WhiteElo "2195"]
[BlackElo "2495"]
[EventDate "1997.12.??"]
[PlyCount "76"]

1.d4 Nf6 2.Nf3 e6 3.Bf4 c5 4.e3 b6 5.Nbd2 Bb7 6.Bd3 cxd4 7.exd4 Be7 8.h3 
d6 9.O-O O-O 10.Re1 Nbd7 11.c3 Re8 12.Qc2 a6 13.Rad1 Rc8 14.Qb1 b5 15.Ng5 
Nf8 16.Nge4 Nd5 17.Bh2 Nb6 18.f4 f5 19.Nf2 Qd7 20.Be2 Bf6 21.a3 a5 22.Nd3 
Bh4 23.g3 Nc4 24.Kf2 Bd8 25.Nf3 Qc6 26.b3 Nb6 27.Rc1 Nfd7 28.c4 bxc4 29.
bxc4 Bf6 30.Rg1 Qe4 31.c5 Bxd4+ 32.Kf1 Bxg1 33.Bxg1 dxc5 34.Nxc5 Nxc5 35.
Qxb6 Na4 36.Rxc8 Rxc8 37.Qxa5 Nc3 38.Nd4 Qg2+ 0-1

[Event "27th Rilton Cup"]
[Site "Stockholm SWE"]
[Date "1998.??.??"]
[Round "1"]
[White "Bezold, Michael"]
[Black "Lindgren, Fredrik"]
[Result "1-0"]
[WhiteElo "2490"]
[BlackElo "2185"]
[EventDate "1997.12.??"]
[PlyCount "89"]

1.c4 e5 2.Nc3 Nf6 3.e3 Bb4 4.Nge2 O-O 5.a3 Be7 6.d4 exd4 7.Qxd4 Nc6 8.Qd1 
Re8 9.Nf4 Bd6 10.Be2 Bxf4 11.exf4 d5 12.cxd5 Ne7 13.d6 Qxd6 14.Qxd6 cxd6 
15.Nb5 Rd8 16.Be3 Ned5 17.Rd1 a6 18.Nc3 Be6 19.Nxd5 Nxd5 20.Bd2 Rac8 21.
Bf3 Nc7 22.Ba5 Bc4 23.Kd2 Re8 24.Rhe1 Rxe1 25.Rxe1 Nd5 26.Rc1 Rc6 27.g3 
Kf8 28.Ke1 Ke7 29.Rd1 b6 30.Bxd5 Bxd5 31.Rxd5 bxa5 32.Rxa5 Ke6 33.Kd2 f5 
34.Kd3 g6 35.Ra4 Rb6 36.Kc3 Kd5 37.Rd4+ Ke6 38.Rb4 Rc6+ 39.Rc4 Rb6 40.Rc7 
h5 41.b4 Kf6 42.Kc4 Ke6 43.h4 Kf6 44.Kd5 a5 45.Rc6 1-0

[Event "27th Rilton Cup"]
[Site "Stockholm SWE"]
[Date "1998.??.??"]
[Round "1"]
[White "Ullen, Jan"]
[Black "Petronic, Jovan"]
[Result "0-1"]
[WhiteElo "2185"]
[BlackElo "2490"]
[EventDate "1997.12.??"]
[PlyCount "90"]

1.e4 e5 2.Nf3 Nc6 3.d4 exd4 4.Bb5 a6 5.Ba4 d6 6.c3 d3 7.Qxd3 Bd7 8.Bb3 Nf6
9.O-O Be7 10.Re1 O-O 11.Bf4 Ng4 12.Nbd2 Nge5 13.Nxe5 dxe5 14.Be3 Na5 15.
Rad1 Nxb3 16.Nxb3 Be6 17.Qc2 Qe8 18.Nc5 Bc8 19.Qd2 Bd6 20.Qd5 Rb8 21.Qd3 
a5 22.c4 b6 23.Nb3 Be6 24.Nd2 Qa4 25.b3 Qc6 26.Nb1 Bb4 27.Nc3 Rfe8 28.f3 
b5 29.Nxb5 Bxe1 30.Rxe1 Red8 31.Qe2 a4 32.Rd1 axb3 33.axb3 h6 34.h3 Rxd1+ 
35.Qxd1 f6 36.Qd2 Qd7 37.Qc2 c6 38.Na7 Rb7 39.Qa2 Qd1+ 40.Kf2 Rxb3 41.Nxc6
Rc3 42.Qa8+ Kh7 43.Qa7 Rxc4 44.Ne7 Qa4 45.Qb6 Qd7 0-1

[Event "27th Rilton Cup"]
[Site "Stockholm SWE"]
[Date "1998.??.??"]
[Round "1"]
[White "Wedberg, Tom"]
[Black "Pedersen, Jacob"]
[Result "1-0"]
[WhiteElo "2485"]
[BlackElo "2175"]
[EventDate "1997.12.??"]
[PlyCount "103"]

1.e4 d5 2.exd5 Nf6 3.d4 Nxd5 4.Nf3 g6 5.Bc4 Bg7 6.O-O O-O 7.Re1 Nb6 8.Bb3 
c5 9.c3 cxd4 10.Nxd4 e5 11.Nb5 Nc6 12.Be3 Bf5 13.Qxd8 Rfxd8 14.Nxa7 Nd5 
15.Nxc6 bxc6 16.Bg5 f6 17.Bc1 Kh8 18.Na3 Bf8 19.Nc4 Rdb8 20.Bd2 Bd3 21.Ne3
Nf4 22.Ng4 Ne2+ 23.Kh1 Be7 24.f3 c5 25.Nf2 c4 26.Nxd3 cxd3 27.Reb1 Rd8 28.
a4 f5 29.Bc4 e4 30.fxe4 fxe4 31.Rf1 Bc5 32.Bg5 h6 33.Bf6+ Kh7 34.Bxd8 Rxd8
35.Rad1 Rd7 36.g3 h5 37.Rf7+ Rxf7 38.Bxf7 Nxc3 39.bxc3 e3 40.Bc4 e2 41.Rb1
Bf2 42.a5 e1=Q+ 43.Rxe1 Bxe1 44.a6 d2 45.Be2 Bf2 46.Kg2 Ba7 47.Kf3 Kg7 48.
Ke4 Kf6 49.Kd5 Kf5 50.c4 Kf6 51.Kd6 Bb8+ 52.Kc6 1-0

[Event "27th Rilton Cup"]
[Site "Stockholm SWE"]
[Date "1998.??.??"]
[Round "1"]
[White "Bodin, Stefan"]
[Black "Degerman, Lars"]
[Result "0-1"]
[WhiteElo "2170"]
[BlackElo "2485"]
[EventDate "1997.12.??"]
[PlyCount "46"]

1.b3 Nf6 2.Bb2 g6 3.g4 Bg7 4.Bg2 d6 5.h3 e5 6.e3 Nc6 7.Ne2 h5 8.g5 Nh7 9.
h4 f6 10.Be4 Ne7 11.gxf6 Nxf6 12.Nbc3 Nxe4 13.Nxe4 Bg4 14.N4g3 O-O 15.d4 
Qe8 16.Qd3 Nf5 17.Nxf5 Rxf5 18.Rh2 exd4 19.Nxd4 c5 20.Qc4+ Rf7 21.Nb5 Bxb2
22.Nxd6 Qe6 23.Nxf7 Qxc4 0-1

[Event "27th Rilton Cup"]
[Site "Stockholm SWE"]
[Date "1998.??.??"]
[Round "1"]
[White "Smyslov, Vassily"]
[Black "Kaellgren, Mikael"]
[Result "1/2-1/2"]
[WhiteElo "2480"]
[BlackElo "2170"]
[EventDate "1997.12.??"]
[PlyCount "79"]

1.e4 e5 2.Nf3 Nc6 3.Bb5 f5 4.d4 fxe4 5.Bxc6 dxc6 6.Nxe5 Nf6 7.Nc3 Bd6 8.
Bg5 O-O 9.Qe2 Qe8 10.Nxe4 Nxe4 11.Qxe4 Bf5 12.Qe2 Bxe5 13.dxe5 Qg6 14.Qe3 
Bxc2 15.O-O Be4 16.Qg3 Rae8 17.Rfe1 Bd5 18.Bh4 Qf5 19.Qe3 Re6 20.Bg3 h5 
21.h4 Rg6 22.Rad1 b6 23.Rd4 Qc2 24.Rd2 Qf5 25.a3 Re8 26.Rd4 a5 27.Rf4 Qc2 
28.Qe2 Qxe2 29.Rxe2 Rge6 30.Rf5 g6 31.Rg5 c5 32.f3 b5 33.Bf2 c4 34.Be1 Ra8
35.f4 Rf8 36.Rf2 a4 37.Bb4 Rf5 38.Rd2 c6 39.g3 Kh7 40.Bc5 1/2-1/2

[Event "27th Rilton Cup"]
[Site "Stockholm SWE"]
[Date "1998.??.??"]
[Round "1"]
[White "Henriksson, Johan"]
[Black "Hector, Jonny"]
[Result "1/2-1/2"]
[WhiteElo "2160"]
[BlackElo "2470"]
[EventDate "1997.12.??"]
[PlyCount "127"]

1.d4 d5 2.Nf3 Nf6 3.c4 c6 4.cxd5 cxd5 5.Nc3 Nc6 6.Bf4 Bf5 7.e3 e6 8.Be2 
Be7 9.O-O a6 10.Ne5 Nxe5 11.Bxe5 O-O 12.Bd3 Bxd3 13.Qxd3 Nd7 14.Bg3 Qa5 
15.Rfc1 Rfc8 16.a3 Rc6 17.f3 Rac8 18.Rc2 Nb6 19.Be1 Nc4 20.Na2 Qd8 21.Re2 
Bd6 22.Bc3 b5 23.e4 a5 24.exd5 exd5 25.Rae1 Bf8 26.Rd1 Qb6 27.Qf5 b4 28.
axb4 axb4 29.Be1 g6 30.Qxd5 Rd8 31.Qe4 Re6 32.Qd3 Rxd4 33.Qxd4 Bc5 34.Bf2 
Bxd4 35.Bxd4 Qd6 36.Rc2 Re1+ 37.Rxe1 Qxd4+ 38.Kh1 b3 39.Rxc4 Qxc4 40.Nc3 
Qd4 41.Re2 h5 42.h3 Kg7 43.Kh2 h4 44.Kh1 Kh6 45.Kh2 f5 46.Kh1 Kg5 47.Kh2 
Kf4 48.Re6 Qd2 49.Re2 Qc1 50.Nd5+ Kg5 51.Nc3 Kf6 52.Nd5+ Kg7 53.Nc3 Qf1 
54.Re5 Qf2 55.Re2 Qd4 56.Kh1 Kf6 57.Kh2 Kg5 58.Kh1 Qd6 59.Kg1 Kf4 60.Kh2 
g5 61.Kg1 Qd4+ 62.Kh2 Qd6 63.Kg1 Qd4+ 64.Kh2 1/2-1/2

[Event "27th Rilton Cup"]
[Site "Stockholm SWE"]
[Date "1998.??.??"]
[Round "2"]
[White "Chernin, Alexander"]
[Black "Manninen, Marko"]
[Result "1-0"]
[WhiteElo "2640"]
[BlackElo "2365"]
[EventDate "1997.12.??"]
[PlyCount "65"]

1.c4 Nf6 2.Nc3 g6 3.e4 d6 4.d4 Bg7 5.h3 O-O 6.Bg5 Na6 7.Nge2 c6 8.Qd2 e5 
9.f3 Qa5 10.d5 cxd5 11.Nxd5 Qxd2+ 12.Kxd2 Nxd5 13.cxd5 f6 14.Be3 Bd7 15.
Nc3 Nc7 16.a4 Rfc8 17.Bb5 Nxb5 18.Nxb5 Bxb5 19.axb5 a6 20.Ra5 Rc4 21.Rc1 
Rxc1 22.Kxc1 Rc8+ 23.Kd2 axb5 24.Rxb5 Rc7 25.Kd3 f5 26.Ra5 Kf7 27.Ra8 Bf6 
28.Rb8 Rd7 29.Kc4 f4 30.Bb6 Bh4 31.Rc8 h5 32.b4 Be1 33.b5 1-0

[Event "27th Rilton Cup"]
[Site "Stockholm SWE"]
[Date "1998.??.??"]
[Round "2"]
[White "Khenkin, Igor"]
[Black "Stoliar, Efim"]
[Result "1-0"]
[WhiteElo "2550"]
[BlackElo "2360"]
[EventDate "1997.12.??"]
[PlyCount "77"]

1.d4 d5 2.c4 c6 3.Nf3 e6 4.Qc2 Be7 5.Bf4 Nf6 6.e3 Ne4 7.Bd3 f5 8.Nc3 Nd7 
9.g4 Qa5 10.gxf5 exf5 11.cxd5 cxd5 12.O-O a6 13.Rfc1 Ndf6 14.Ne2 Bd7 15.
Bc7 Qa4 16.Ne5 Qxc2 17.Rxc2 g6 18.Rac1 Rc8 19.Nf4 Ba4 20.b3 Bd7 21.Bb6 
Rxc2 22.Rxc2 Bd6 23.f3 Ng5 24.Bc7 Be7 25.Kf2 Rf8 26.Nxd7 Kxd7 27.Be5 Ne6 
28.Nxe6 Kxe6 29.Rc7 Rf7 30.Rxb7 Ng4+ 31.Ke2 Nxe5 32.dxe5 f4 33.e4 Kxe5 34.
exd5 a5 35.Ra7 g5 36.a3 h5 37.Bg6 Rg7 38.Bxh5 Kxd5 39.Kd3 1-0

[Event "27th Rilton Cup"]
[Site "Stockholm SWE"]
[Date "1998.??.??"]
[Round "2"]
[White "Sanden, Stefan"]
[Black "Ulybin, Mikhail"]
[Result "0-1"]
[WhiteElo "2330"]
[BlackElo "2535"]
[EventDate "1997.12.??"]
[PlyCount "75"]

1.e4 e6 2.d4 d5 3.Nc3 Nf6 4.Bg5 dxe4 5.Nxe4 Nbd7 6.Nf3 h6 7.Bh4 Be7 8.
Nxf6+ Bxf6 9.Bxf6 Qxf6 10.Bd3 c5 11.c3 O-O 12.O-O cxd4 13.cxd4 Qf4 14.Qe2 
Rd8 15.Rfd1 b6 16.g3 Qb8 17.Ne5 Bb7 18.Rac1 Nf6 19.Nc6 Bxc6 20.Rxc6 Rd6 
21.Be4 Nxe4 22.Qxe4 Qb7 23.Rdc1 Re8 24.R1c4 Rd7 25.Qf4 Red8 26.Rc7 Qd5 27.
Rxd7 Rxd7 28.b3 Qb7 29.h4 Kh7 30.Kh2 b5 31.Rc5 a6 32.Qe5 Qf3 33.Qe3 Qg4 
34.Qd3+ f5 35.d5 Qb4 36.Qe3 exd5 37.Rc6 Qe4 38.Re6 0-1

[Event "27th Rilton Cup"]
[Site "Stockholm SWE"]
[Date "1998.??.??"]
[Round "2"]
[White "Agrest, Evgenij"]
[Black "Nouro, Mikael"]
[Result "1-0"]
[WhiteElo "2505"]
[BlackElo "2315"]
[EventDate "1997.12.??"]
[PlyCount "112"]

1.d4 Nf6 2.c4 d6 3.Nc3 e5 4.dxe5 dxe5 5.Qxd8+ Kxd8 6.Nf3 Nbd7 7.Rg1 c6 8.
g4 Bb4 9.Bd2 Re8 10.O-O-O a5 11.g5 Nh5 12.Ne4 Kc7 13.e3 g6 14.a3 Bxd2+ 15.
Rxd2 f5 16.gxf6 Nhxf6 17.Nd6 Re7 18.Bh3 Nc5 19.Nxc8 Rxc8 20.Bxc8 Nb3+ 21.
Kc2 Nxd2 22.Nxd2 Kxc8 23.c5 Kc7 24.f3 Rf7 25.Rg3 Nd7 26.Ne4 b6 27.Ng5 Re7 
28.cxb6+ Kxb6 29.Ne4 Nc5 30.Nd6 Kc7 31.Nc4 a4 32.Rg5 Nd7 33.Kd3 Rf7 34.Ke2
Re7 35.h4 Re6 36.h5 c5 37.Nd2 Rb6 38.Nc4 Re6 39.Kd3 Kc6 40.Nd2 Rd6+ 41.Ke2
Rf6 42.Rg4 Nb6 43.Rh4 Re6 44.hxg6 hxg6 45.Ne4 Re7 46.Nc3 Re8 47.Rg4 Rg8 
48.Re4 Rh8 49.Rxe5 Nc4 50.Rg5 Rh2+ 51.Kd3 Nxb2+ 52.Ke4 Rc2 53.Rxg6+ Kd7 
54.Nd5 Nc4 55.Ra6 Nxa3 56.Rxa4 Rc4+ 1-0

[Event "27th Rilton Cup"]
[Site "Stockholm SWE"]
[Date "1998.??.??"]
[Round "2"]
[White "Eriksson, Johan"]
[Black "Gdanski, Jacek"]
[Result "0-1"]
[WhiteElo "2315"]
[BlackElo "2505"]
[EventDate "1997.12.??"]
[PlyCount "72"]

1.d4 Nf6 2.c4 c5 3.d5 d6 4.Nc3 g6 5.e4 Bg7 6.f3 O-O 7.Nge2 e6 8.Ng3 exd5 
9.cxd5 Re8 10.Be2 b6 11.O-O Ba6 12.Nb5 Bxb5 13.Bxb5 Nfd7 14.Rb1 a6 15.Bd3 
b5 16.f4 c4 17.Bc2 Nc5 18.b4 cxb3 19.axb3 b4 20.Qf3 Nbd7 21.Be3 Rc8 22.
Rbe1 Qe7 23.h3 a5 24.Qd1 Bc3 25.Re2 Qh4 26.Rf3 Bg7 27.Bd4 Bxd4+ 28.Qxd4 f5
29.Kh2 fxe4 30.Nxe4 Nxe4 31.Rxe4 Qf6 32.Rxe8+ Rxe8 33.Qa7 Qd8 34.Rg3 Nc5 
35.Bxg6 Re7 36.Bf5+ Kh8 0-1

[Event "27th Rilton Cup"]
[Site "Stockholm SWE"]
[Date "1998.??.??"]
[Round "2"]
[White "Hellsten, Johan"]
[Black "Bjarnehag, Peter"]
[Result "1-0"]
[WhiteElo "2495"]
[BlackElo "2290"]
[EventDate "1997.12.??"]
[PlyCount "57"]

1.d4 c5 2.d5 Nf6 3.c4 g6 4.Nc3 Bg7 5.e4 d6 6.h3 O-O 7.Nf3 e6 8.Bd3 exd5 9.
cxd5 b5 10.Nxb5 Re8 11.O-O Nxe4 12.Re1 Nf6 13.Rxe8+ Nxe8 14.Bg5 Bf6 15.Qd2
Na6 16.Re1 Nac7 17.Nc3 Bb7 18.Bc4 Qd7 19.Nh2 Qf5 20.Bxf6 Qxf6 21.Ng4 Qd4 
22.Nh6+ Kg7 23.Qg5 Qf6 24.Qc1 Qh4 25.Ng4 h5 26.Qh6+ Kg8 27.Ne4 Nxd5 28.Ng5
Nef6 29.Bxd5 1-0

[Event "27th Rilton Cup"]
[Site "Stockholm SWE"]
[Date "1998.??.??"]
[Round "2"]
[White "Hermansson, Emil"]
[Black "Bezold, Michael"]
[Result "1/2-1/2"]
[WhiteElo "2275"]
[BlackElo "2490"]
[EventDate "1997.12.??"]
[PlyCount "125"]

1.e4 c5 2.Nf3 e6 3.d4 cxd4 4.Nxd4 a6 5.Bd3 Bc5 6.Nb3 Ba7 7.Nc3 Nc6 8.O-O 
Nf6 9.Kh1 d6 10.f4 b5 11.Qf3 e5 12.a4 b4 13.Nd5 O-O 14.f5 h6 15.Qh3 Nh7 
16.Qg3 Kh8 17.f6 g5 18.Be3 Rg8 19.Rf2 Be6 20.Bxa7 Rxa7 21.Qe3 Ra8 22.Raf1 
Rg6 23.Qe2 Ra7 24.Qe3 Qb8 25.a5 Rg8 26.Qb6 Rc8 27.Qe3 Rd8 28.Qe2 Rg8 29.
Bxa6 Qd8 30.Bd3 g4 31.a6 g3 32.hxg3 Rxg3 33.Qd2 Ng5 34.Nxb4 Nxb4 35.Qxb4 
Bxb3 36.Qxb3 Nxe4 37.Rf3 Nd2 38.Qb4 Rxf3 39.gxf3 Nxf1 40.Qh4 Ng3+ 41.Kh2 
Nh5 42.Qxh5 Qxf6 43.Qg4 h5 44.Qxh5+ Kg7 45.Qg4+ Kf8 46.b4 Ke7 47.Qe4 Qh6+ 
48.Kg3 f5 49.Qh4+ Qxh4+ 50.Kxh4 e4 51.fxe4 fxe4 52.Bc4 Kd7 53.Kg3 Kc6 54.
Kf4 d5 55.b5+ Kc5 56.b6 Rf7+ 57.Ke3 Rf3+ 58.Ke2 Kxb6 59.Bxd5 Kxa6 60.Bxe4 
Rh3 61.Kd2 Kb5 62.Kc1 Kb4 63.Kb2 1/2-1/2

[Event "27th Rilton Cup"]
[Site "Stockholm SWE"]
[Date "1998.??.??"]
[Round "2"]
[White "Petronic, Jovan"]
[Black "Couso, Luis"]
[Result "1/2-1/2"]
[WhiteElo "2490"]
[BlackElo "2275"]
[EventDate "1997.12.??"]
[PlyCount "120"]

1.d4 Nf6 2.c4 g6 3.Nc3 Bg7 4.e4 d6 5.f3 O-O 6.Bg5 c6 7.Qd2 e5 8.d5 cxd5 9.
cxd5 Na6 10.Nge2 Bd7 11.g4 h6 12.Be3 h5 13.h3 Nh7 14.O-O-O h4 15.Kb1 Bf6 
16.Rc1 Bg5 17.f4 exf4 18.Nxf4 Re8 19.Bg2 Rc8 20.Rhf1 Nc5 21.Nd3 Bxe3 22.
Qxe3 Nxd3 23.Qxd3 Re5 24.Qd4 a6 25.Qb4 Be8 26.Qxb7 a5 27.Ne2 Rb8 28.Qc7 
Qxc7 29.Rxc7 Ng5 30.Nc3 Rb4 31.Ra7 Rd4 32.Kc2 f5 33.gxf5 gxf5 34.exf5 Re3 
35.Rxa5 Nxh3 36.Bxh3 Rxh3 37.f6 Bg6+ 38.Kb3 Bf7 39.Rf2 Rg3 40.Ra8+ Kh7 41.
Ra7 Kg6 42.Re7 h3 43.Kc2 Rg2 44.Rxg2+ hxg2 45.Re1 Rg4 46.Rg1 Kxf6 47.Kd2 
Kg5 48.Nd1 Kf4 49.Ne3 Rg3 50.Nxg2+ Ke4 51.Re1+ Kxd5 52.Ne3+ Kc6 53.a3 Rh3 
54.Re2 d5 55.Rf2 Be6 56.Kd3 Kd6 57.Rf4 Ke5 58.Rb4 d4 59.Rb5+ Kf4 60.Kxd4 
Rxe3 1/2-1/2

[Event "27th Rilton Cup"]
[Site "Stockholm SWE"]
[Date "1998.??.??"]
[Round "2"]
[White "Burwick, Malte"]
[Black "Wedberg, Tom"]
[Result "0-1"]
[WhiteElo "2270"]
[BlackElo "2485"]
[EventDate "1997.12.??"]
[PlyCount "76"]

1.Nf3 c5 2.g3 Nc6 3.Bg2 e5 4.d3 g6 5.O-O Bg7 6.Nc3 Nge7 7.a3 O-O 8.Rb1 a5 
9.e4 d6 10.Nh4 Be6 11.Nd5 b5 12.Kh1 Rb8 13.Be3 Qd7 14.Qd2 b4 15.Bh6 f6 16.
Bxg7 Kxg7 17.Nxe7 Qxe7 18.f4 bxa3 19.bxa3 a4 20.Nf3 Rb7 21.fxe5 dxe5 22.
Qc3 Rfb8 23.Rxb7 Rxb7 24.Nd2 Nd4 25.Rb1 Rxb1+ 26.Nxb1 Qb7 27.Nd2 Qb5 28.
Bf3 Nxf3 29.Nxf3 Qb1+ 30.Ne1 Qd1 31.h4 Qe2 32.Kg1 Bh3 33.Qa5 Kh6 34.Qc3 
Kh5 35.Qa5 Kg4 36.Qc3 Qf1+ 37.Kh2 Qf2+ 38.Kh1 Bg2+ 0-1

[Event "27th Rilton Cup"]
[Site "Stockholm SWE"]
[Date "1998.??.??"]
[Round "2"]
[White "Degerman, Lars"]
[Black "Marttala, Thomas"]
[Result "1-0"]
[WhiteElo "2485"]
[BlackElo "2265"]
[EventDate "1997.12.??"]
[PlyCount "79"]

1.c4 e5 2.Nc3 Nf6 3.Nf3 Nc6 4.g3 d5 5.cxd5 Nxd5 6.Bg2 Nb6 7.O-O Be7 8.a3 
f5 9.d3 O-O 10.b4 Bf6 11.Bb2 Qe7 12.b5 Na5 13.Nd2 Rd8 14.Qc2 Be6 15.Rab1 
a6 16.a4 axb5 17.axb5 Qc5 18.Rfc1 Kh8 19.Ra1 e4 20.dxe4 Rxd2 21.Qxd2 Nb3 
22.Rxa8+ Nxa8 23.Qd1 Nxc1 24.Qxc1 Nb6 25.exf5 Bxf5 26.Bxb7 Nc4 27.Nd1 Bxb2
28.Nxb2 Qxb5 29.Nxc4 Qxb7 30.Qf4 Qc8 31.Ne5 Be6 32.Nc6 Qa8 33.Qxc7 Qa1+ 
34.Kg2 h6 35.Qd8+ Kh7 36.Qd3+ Kh8 37.Ne7 Qa2 38.Ng6+ Kg8 39.Qd8+ Kh7 40.
Nf8+ 1-0

[Event "27th Rilton Cup"]
[Site "Stockholm SWE"]
[Date "1998.??.??"]
[Round "2"]
[White "Ask, Josef"]
[Black "Smyslov, Vassily"]
[Result "1/2-1/2"]
[WhiteElo "2020"]
[BlackElo "2480"]
[EventDate "1997.12.??"]
[PlyCount "57"]

1.e4 c6 2.d4 d5 3.Nc3 dxe4 4.Nxe4 Bf5 5.Nc5 Qc7 6.Bd3 Bxd3 7.Nxd3 e6 8.Nf3
Nd7 9.O-O Bd6 10.c4 Ngf6 11.Re1 O-O 12.b3 c5 13.dxc5 Nxc5 14.Nxc5 Bxc5 15.
h3 Rfd8 16.Qc2 Bb6 17.Re2 Qd6 18.Bd2 Bc5 19.Bc3 Qd3 20.Qb2 Be7 21.Ne5 Qd6 
22.Rae1 Qa3 23.Qa1 Bb4 24.Bb2 Qa5 25.Rf1 Rac8 26.Re3 Ba3 27.Bc3 Bb4 28.Bb2
Ba3 29.Bc3 1/2-1/2

[Event "27th Rilton Cup"]
[Site "Stockholm SWE"]
[Date "1998.??.??"]
[Round "3.1"]
[White "Degerman, Lars"]
[Black "Chernin, Alexander"]
[Result "0-1"]
[WhiteElo "2485"]
[BlackElo "2640"]
[EventDate "1997.12.??"]
[PlyCount "90"]

1.c4 Nf6 2.Nc3 e5 3.Nf3 Nc6 4.d4 exd4 5.Nxd4 Bb4 6.Bg5 h6 7.Bh4 Bxc3+ 8.
bxc3 Ne5 9.e3 d6 10.Be2 Ng6 11.Bg3 Ne4 12.Qc2 Qe7 13.Bf3 Nxg3 14.hxg3 Ne5 
15.Rb1 c6 16.Be2 g6 17.Qd2 h5 18.Rd1 O-O 19.e4 Kg7 20.Nc2 f5 21.Qxd6 Qxd6 
22.Rxd6 fxe4 23.Ne3 Nd7 24.g4 hxg4 25.Nxg4 Nc5 26.Ne5 Bf5 27.O-O Rae8 28.
Ng4 Bxg4 29.Bxg4 e3 30.f4 Re4 31.Rd4 e2 32.Re1 Rfxf4 33.Bc8 Kh6 34.Rd2 Rf8
35.Bh3 Rfe8 36.Kf2 Rf8+ 37.Kg1 Rfe8 38.Kf2 Rxc4 39.Rdxe2 Nd3+ 40.Kg1 Rxe2 
41.Rxe2 Rxc3 42.Re7 Nc5 43.Bc8 Rc1+ 44.Kh2 Rb1 45.Re5 Rb5 0-1

[Event "27th Rilton Cup"]
[Site "Stockholm SWE"]
[Date "1998.??.??"]
[Round "3.2"]
[White "Sokolov, Ivan"]
[Black "David, Alberto"]
[Result "1-0"]
[WhiteElo "2635"]
[BlackElo "2460"]
[EventDate "1997.12.??"]
[PlyCount "103"]

1.d4 Nf6 2.c4 g6 3.Nc3 Bg7 4.e4 O-O 5.Bg5 d6 6.Qd2 c5 7.d5 Qa5 8.Bd3 a6 9.
h3 e6 10.Nf3 exd5 11.cxd5 b5 12.O-O Nbd7 13.Bh6 Re8 14.Bxg7 Kxg7 15.a3 Qb6
16.b4 Ra7 17.Rfe1 Rc7 18.Bf1 cxb4 19.axb4 Ne5 20.Nxe5 dxe5 21.Rad1 Bd7 22.
Re3 Qd6 23.Na2 Rec8 24.Nc1 Be8 25.Nb3 Nd7 26.Rc1 Rxc1 27.Nxc1 Nb6 28.Re1 
Bd7 29.Nd3 Na4 30.Rc1 Rc7 31.Be2 f6 32.Rb1 Rb7 33.Qc1 Nb6 34.Qc5 Nc8 35.
Bg4 f5 36.exf5 gxf5 37.Be2 Kf6 38.f4 exf4 39.Qd4+ Kf7 40.Qh8 Qxd5 41.Nxf4 
Qd6 42.Qxh7+ Kf6 43.Qh6+ Ke7 44.Qg5+ Kf8 45.Ng6+ Kf7 46.Bh5 Ke6 47.Qe3+ 
Kd5 48.Qc3 Ke6 49.Qg7 Ne7 50.Nf8+ Kd5 51.Qc3 Qb6+ 52.Kh1 1-0

[Event "27th Rilton Cup"]
[Site "Stockholm SWE"]
[Date "1998.??.??"]
[Round "3.3"]
[White "Cramling, Dan"]
[Black "Khenkin, Igor"]
[Result "0-1"]
[WhiteElo "2445"]
[BlackElo "2550"]
[EventDate "1997.12.??"]
[PlyCount "44"]

1.c4 e6 2.Nc3 d5 3.d4 c6 4.Bf4 dxc4 5.e3 b5 6.a4 Qb6 7.Qf3 Bb7 8.Qg3 Na6 
9.Bd6 Nf6 10.Bxf8 Rxf8 11.Qxg7 Nb4 12.Rc1 Ke7 13.Nf3 Rg8 14.Qh6 Qa5 15.Nd2
Rad8 16.f3 a6 17.Qh4 c5 18.dxc5 Na2 19.c6 Bxc6 20.axb5 Nxc1 21.bxc6 Qa1 
22.c7 Rxd2 0-1

[Event "27th Rilton Cup"]
[Site "Stockholm SWE"]
[Date "1998.??.??"]
[Round "3.4"]
[White "Ulybin, Mikhail"]
[Black "Hillarp Persson, Tiger"]
[Result "1-0"]
[WhiteElo "2535"]
[BlackElo "2445"]
[EventDate "1997.12.??"]
[PlyCount "79"]

1.d4 Nf6 2.c4 g6 3.Nc3 Bg7 4.e4 d6 5.Nf3 O-O 6.Be2 e5 7.O-O Nc6 8.d5 Ne7 
9.Nd2 Ne8 10.b4 f5 11.c5 Nf6 12.f3 f4 13.Nc4 g5 14.g4 Ng6 15.Bd2 Rf7 16.
Be1 Bf8 17.c6 b6 18.b5 h5 19.h3 Be7 20.Rf2 Qf8 21.Nd2 Rh7 22.Nf1 Kf7 23.a4
a5 24.bxa6 Rxa6 25.Bxa6 Bxa6 26.Nb5 Qc8 27.Rh2 Bd8 28.Raa2 Qa8 29.Qe2 Kg7 
30.a5 Qb8 31.Bf2 Nh4 32.Nd2 hxg4 33.hxg4 Nxg4 34.fxg4 f3 35.Qf1 Qc8 36.Qh3
Bxb5 37.axb6 cxb6 38.Ra7+ Kg8 39.Rxh7 Kxh7 40.Qxf3 1-0

[Event "27th Rilton Cup"]
[Site "Stockholm SWE"]
[Date "1998.??.??"]
[Round "3.5"]
[White "Bator, Robert"]
[Black "Aakesson, Ralf"]
[Result "1/2-1/2"]
[WhiteElo "2430"]
[BlackElo "2520"]
[EventDate "1997.12.??"]
[PlyCount "24"]

1.d4 Nf6 2.c4 e6 3.g3 Bb4+ 4.Bd2 Be7 5.Bg2 d5 6.Nf3 O-O 7.O-O Nbd7 8.Qc2 
c6 9.Bf4 Nh5 10.Bd2 Nhf6 11.Bf4 Nh5 12.Bd2 Nhf6 1/2-1/2